000
00217 a2200097 4500
001
41190
100
_a
Prcthy
245
_a
Jane's weapon system 1976
260
_a
London
_b
Mc Graw-Hill & Co
_c
090
_c
25413
_d
25413
942
_a
NUST-CAE
_c
M
_c
17129
999
_c
276263
_d
276263